Pierrot mon ami

保存先:
書誌詳細
第一著者: Queneau, Raymond (著者)
フォーマット: 図書
言語:フランス語
出版事項: París Gallimard 1943
主題:
タグ: タグ追加
タグなし, このレコードへの初めてのタグを付けませんか!

MARC

LEADER 00000nam a2200000 a 4500
001 UCQ5543
003 CL-VaPUC
008 981002e19430000FR |||||||||||||||||fre|d
082 0 4 |a 843  |b QUE  |2 21 
100 0 |a Queneau, Raymond  |e author  |9 419636 
245 1 0 |a Pierrot mon ami 
300 |a 183 p 
942 |c BK 
945 |d 19981002 00:00:00  |a crobeson 
260 |a París  |b Gallimard  |c 1943 
650 0 |a Novela francesa  |9 264985 
650 0 |a Literatura francesa  |9 266330 
583 |a last modification  |c 19981002 00:00:00  |k Rodrigo Vera 
999 |c 275751  |d 275749 
952 |0 0  |1 0  |4 0  |6 843_000000000000000_QUE_1943  |7 0  |8 A  |9 312566  |a BIBEDU  |b BIBEDU  |d 2019-11-20  |i 1473336  |o 843 QUE 1943  |p 1473336  |r 2019-11-20  |w 2019-11-20  |y BK  |k LIT